| 000 | 00000nam##2200000za#4500 |
| 001 | 9.580137 |
| 003 | CaOODSP |
| 005 | 20210624190908 |
| 007 | cr ||||||||||| |
| 008 | 150406|2008||||xxc|||||o f|0| 0 eng|d |
| 022 | |a1488-5387 |
| 040 | |aCaOODSP|beng |
| 043 | |an-cn--- |
| 086 | 1 |aFs97-4/2841E-PDF |
| 110 | 1 |aCanada. |bDepartment of Fisheries and Oceans. |
| 245 | 10|aWest Coast Vancouver Island groundfish bottom trawl survey, R/V WE Ricker, May 23rd to June 19th, 2006 / |h[electronic resource]|c[by] G.D. Workman ... [et al.] |
| 260 | |aNanaimo - British Columbia : |bFisheries and Oceans Canada |c2008. |
| 300 | |a93p.|bcoloured figs. |
| 490 | 1 |aCanadian manuscript report of fisheries and aquatic sciences|x1488-5387|vNo. 2841 |
| 500 | |aFile reproduced from original print. On t.p.: Pacific Biological Station, Nanaimo, British Columbia. The catalogue number and ISSN for the print edition appear in the PDF version. |
| 546 | |a(Résumés en français) |
| 590 | |a14-14-Supp|b2014-07-24 |
| 720 | 1 |aWorkman, G. D. |
| 776 | 0#|tWest Coast Vancouver Island groundfish bottom trawl survey, R/V WE Ricker, May 23rd to June 19th, 2006 / |w(CaOODSP)9.619254 |
| 830 | #0|aCanadian manuscript report of fisheries and aquatic sciences,|x1488-5387|vNo. 2841|w(CaOODSP)9.505211 |
| 856 | 40|ahttp://publications.gc.ca|qPDF|s2039 KB|uhttps://publications.gc.ca/collections/collection_2014/mpo-dfo/Fs97-4-2841-eng.pdf|yNo. 2841 |